<?xml version="1.0" encoding="UTF-8"?>
<collection xmlns="http://www.loc.gov/MARC21/slim">
 <record>
  <leader>01116nam a22002171  4500</leader>
  <controlfield tag="001">1/15010</controlfield>
  <controlfield tag="008">990316s1991    enk           1 11  eng d</controlfield>
  <datafield tag="020" ind1=" " ind2=" ">
   <subfield code="a">9066054840</subfield>
  </datafield>
  <datafield tag="035" ind1=" " ind2=" ">
   <subfield code="l">15503</subfield>
  </datafield>
  <datafield tag="040" ind1=" " ind2=" ">
   <subfield code="a">DLC</subfield>
   <subfield code="b">GR-PeUP</subfield>
  </datafield>
  <datafield tag="082" ind1="0" ind2="0">
   <subfield code="a">745.92 HOR</subfield>
  </datafield>
  <datafield tag="111" ind1="2" ind2=" ">
   <subfield code="a">Hortifroid Symposium</subfield>
   <subfield code="n">(1st</subfield>
   <subfield code="c">1991 : Nice, France)</subfield>
  </datafield>
  <datafield tag="245" ind1="1" ind2="4">
   <subfield code="a">The Hortifroid symposium :</subfield>
   <subfield code="b">Fifth International Symposium on Postharvest Physiology of Ornamental Plants : importance of cold in ornamental horticulture = Symposium Hortifroid : Cinquieme Symposium international sur la physiologie des plantes ornementals apres recolte : importance du froid en horticulture ornementale : Nice, France, March 11-15, 1991 /</subfield>
   <subfield code="c">ed. by Come D.</subfield>
  </datafield>
  <datafield tag="260" ind1=" " ind2=" ">
   <subfield code="a">Wageningen :</subfield>
   <subfield code="b">International Society for Horticulture Science,</subfield>
   <subfield code="c">1991</subfield>
  </datafield>
  <datafield tag="300" ind1=" " ind2=" ">
   <subfield code="a">373 p. :</subfield>
   <subfield code="b">ill. ;</subfield>
   <subfield code="c">24 cm.</subfield>
  </datafield>
  <datafield tag="490" ind1="1" ind2=" ">
   <subfield code="a">Acta horticulturae ;</subfield>
  </datafield>
  <datafield tag="650" ind1=" " ind2="4">
   <subfield code="a">Cut flowers</subfield>
   <subfield code="x">Physiological aspects</subfield>
   <subfield code="x">Congresses.</subfield>
  </datafield>
  <datafield tag="650" ind1=" " ind2="4">
   <subfield code="a">Plants, Ornamental</subfield>
   <subfield code="x">Physiological aspects</subfield>
   <subfield code="x">Congresses.</subfield>
  </datafield>
  <datafield tag="700" ind1="1" ind2=" ">
   <subfield code="a">Come, D.</subfield>
   <subfield code="e">ed.</subfield>
  </datafield>
  <datafield tag="830" ind1=" " ind2="0">
   <subfield code="a">Acta horticulturae ;</subfield>
   <subfield code="v">298.</subfield>
  </datafield>
  <datafield tag="852" ind1=" " ind2=" ">
   <subfield code="a">INST</subfield>
   <subfield code="b">UNIPILB</subfield>
   <subfield code="c">MAIN</subfield>
   <subfield code="e">20040709</subfield>
   <subfield code="h">745.92 HOR</subfield>
   <subfield code="p">00143295</subfield>
   <subfield code="q">00143295</subfield>
   <subfield code="t">LOAN</subfield>
   <subfield code="y">0</subfield>
   <subfield code="4">1</subfield>
  </datafield>
 </record>
</collection>
